LEADER 00912nam a2200217 i 4500 001 000000223915 003 CaOOAMICUS 005 20240902121837.0 008 131022s1822 it u000 u ita u 013 $a202813 026 $ateil onn- i-s- spes (7) 1822 (A) 040 $aSeMil$bita 245 10$aTom. 6. 300 $a266, [2] p. 773 0 $aKant, Immanuel <1724-1804>$tCritica della ragione pura di Manuele Kant traduzione dal tedesco. Tom 1. [-8.].$dPavia : presso i Collettori : coi tipi di Pietro Bizzoni successore di Bolzani, 1820-1822 (Pavia : Germano Giuseppe, Rolla Luigi, Sacchi Defendente Collettori)$kCollezione dei classici metafisici$g6$w()4643 850 $aSeMil 852 $aSeMil$W1$xVenegono$y1$m2R I 99 FA$j174261$B174261$CSeMilBibl$Z2$F184425 $8I 941 1 $a10 961 $aRecupero: Mantegazza 996 $6245$aTom. 6$9(OLS)http://semarc/title/136897 LEADER 01448nam a2200301 i 4500 001 000000337534 003 CaOOAMICUS 005 20221115142542.0 008 191028s2019 it u000 u ita u 013 $a236582 020 $a978-88-394-0938-6 040 $aSeMil$bita 100 1 $aNeyrey, Jerome H.,$d<1940- >.$0(OLS)http://semarc/name/33948 240 10$aHonor and shame in the Gospel of Matthew.$0(OLS)http://semarc/title/426513 245 10$aOnore e vergogna nel Vangelo di Matteo /$cJerome H. Neyrey. 264 1$aBrescia :$bPaideia,$c2019. 300 $a350 p. ;$c23 cm. 490 1 $aIntroduzione allo studio della Bibbia. Supplementi ;$v76 650 4$aBibbia. Nuovo Testamento. Vangelo secondo Matteo - Commentari, studi, critica, interpretazioni.$0(OLS)http://semarc/subject/32 650 4$aBibbia - NT - Matteo - Onore.$0(OLS)http://semarc/subject/48770 650 4$aBibbia - NT - Matteo - Vergogna.$0(OLS)http://semarc/subject/48771 830 0$aIntroduzione allo studio della Bibbia. Supplementi ;$v76.$0(OLS)http://semarc/title/5853 850 $aSeMil 852 $aSeMil$W1$xVenegono$y1$m2WA J 76$j231539$B229134$CSeMilBibl$Z2$F229134 $81 996 $6020$a978-88-394-0938-6$9(OLS)http://semarc/number/289043 996 $6245$aOnore e vergogna nel Vangelo di Matteo$9(OLS)http://semarc/title/426514 996 $6264$aBrescia :$bPaideia$9(OLS)http://semarc/publisher/29614